000 00519nam a22002057a 4500
999 _c16672
_d16672
003 OSt
005 20180517124254.0
008 180517b ||||| |||| 00| 0 eng d
020 _a9781292020853
040 _aSEKU
050 _aQE 26.2
_bT3 2014
100 _aTasa Lutgens Tarbuck
245 _aEarth Science:
_cTarbuck LutgensTasa
250 _a13 ed.
260 _aEdinburgh gate;
_bPearson,
_c2014
300 _ax, 802 p.:
_bill.
504 _ainclude index
650 _aEarth sciences
942 _2lcc
_cGEN